G:llä alkavat valtiot kartalla - Äkkikuolema - Statistics

Yleistilastot
  • Tätä visaa on pelattu 279 kertaa
  • Keskiarvotulos 5 / 6
Answers on the Grid
Answers color-coded by a green-red scale on the quiz's grid according to % correct below.
 
Vastaustilastot
Vastaus % Oikein
Gabon, Ghana, Guinea
95%
Grenada, Guatemala, Guyana
92%
Gambia, Guinea, Guinea-Bissau
85%
Georgia
76%
Gabon
65%
Guatemala
63%
Ehtoja vastaavia visoja ei löytynyt
Tulosjakauma
Jokaisen tuloksen saaneiden osuus
Persentiili vastausten määrän mukaan
Tuloshistoriasi
Et ole pelannut tätä visaa